| 000 | 00459nam a2200181Ia 4500 | ||
|---|---|---|---|
| 003 | GCL | ||
| 008 | 140319s9999 xx 000 0 eng d | ||
| 040 |
_aGCL / _cGCL |
||
| 082 | 0 | 4 |
_aCH _b372.7 _bSC |
| 100 | 1 | _aFISHER, KRISTI | |
| 245 | 1 | 0 |
_aCOUNTING ZOO / _cFISHER, KRISTI |
| 700 | 1 | _aSULLIVAN, DON | |
| 260 |
_a[S.N] : _bPUBLICATION INTERNATIONAL LTD ، _c1994 |
||
| 650 | 0 | 4 | _aCHILDREN |
| 650 | 0 | 4 | _aLEARNING |
| 650 | 0 | 4 | _aMATHEMATICS |
| 942 |
_2ddc _cBK |
||
| 999 |
_c15078 _d15078 |
||